00410ntaaa2200145 45000030003000000050017000030080021000200400037000410820015000782450061000932500010001542600055001643000010002195000035002290120251027201142.00714s1973 ag 01  aAR-BaBNbspacAR-BaBNeaacrdRIC a220.07 C26 aEstudios bíblicos introductorios. (Libro del maestro.) a1 ed. aEl Paso : bCasa Bautista de Publicaciones, c1966 a64 p. aEstudios para nuevos creyentes